| 000 | 01127cam a2200349 a 4500 | ||
|---|---|---|---|
| 001 | 14696027 | ||
| 003 | OSt | ||
| 005 | 20140310182509.0 | ||
| 008 | 070112s2006 nyu b 000 0 eng d | ||
| 010 | _a 2007270865 | ||
| 020 | _a9781416523710 (pbk.) | ||
| 020 | _a1416523715 (pbk.) | ||
| 035 | _a(OCoLC)ocm70849773 | ||
| 035 | _a(OCoLC)70849773 | ||
| 040 |
_aIG# _cIG# _dDLC |
||
| 042 | _alccopycat | ||
| 050 | 0 | 0 |
_aPS 3201 _b.W614 2006 |
| 100 | 1 |
_aWhitman, Walt _d1819-1892. _98953 |
|
| 245 | 1 | 0 |
_aLeaves of grass / _cWalt Whitman. |
| 250 | _aPocket Books pbk. ed. | ||
| 260 |
_aNew York : _bPocket Books, _cc2006. |
||
| 300 |
_a648 p. : _c17 cm. |
||
| 490 | 1 | _aEnriched classic | |
| 500 | _a.Includes bibliographical references. | ||
| 700 | 1 |
_aBrower, Charles. _98954 |
|
| 830 | 0 |
_aEnriched classics series. _93136 |
|
| 856 | 4 | 2 |
_3Publisher description _uhttp://www.loc.gov/catdir/enhancements/fy0713/2007270865-d.html |
| 906 |
_a7 _bcbc _ccopycat _d2 _encip _f20 _gy-gencatlg |
||
| 942 |
_2lcc _cSSLC |
||
| 999 |
_c13884 _d13884 |
||